000 00948nas a2200289 4500
001 BR2010003167
003 BR-BrBNA
005 20231205114110.0
007 ta
008 230509b bl.|||p| |||| 00| 00por d
040 _aBR-BrBNA
_bpor
_cBiblioteca Nacional de Agricultura
041 _a(Pt)
072 _aL53; M12
100 1 _aNeumann, E.
100 1 _aKoberstein, T.C.R.D.
100 1 _aBraga, F.M. de S.
245 1 _aDesempenho de três linhagens de tiláia submetidas ao tratamento com 17 - alfa - metiltestosterona em condições ambientais não controladas
650 _aTILÁPIA
650 _aPEIXE DE ÁGUA DOCE
650 _aCRESCIMENTO
650 _aLINHAGEM
650 _aREVERSÃO SEXUAL
650 _aCONDIÇÃO AMBIENTAL
773 0 _tRevista Brasileira de Zootecnia (Brazil)
_xISSN 1516-3598
_g(Jun 2009), v. 38(6) p. 973-979
_wBR2010003167
909 _a202311
_bLúcia
_c55
_dLúcia Elande
942 _2AGRIS
_n0
_cANA
999 _c207068
_d207068